00330nam a2200121Ia 4500008004000000020001800040082001700058100001800075245004500093260005000138300000800188650001200196210210b1975 xxu||||| |||| 00| 0 eng d a0 7069 0358 7 a327.174 AGWD aAGWANI (M S). aDetente: perspectives and repercussions. aDelhibVikas Publishing House Pvt Ltd.c1975 a270 aDetente